000 01289nam0a22003371 4500
001 RU\INFOCOMM_317\NLR\5000024502
005 20250614080640.0
035 _a(NLR Aleph) 010608134
090 _a10560301
_c10560301
100 _a20130325d1977 |||y0rusy50 ca
101 1 _afre
_crus
102 _aRU
105 _ay z||||
200 1 _aMéthodes numériques dans les problèmes d'extrémum
_e[Trad. du russe ...]
_fB. Pchénitchny et Y. Daniline
210 _aM.
_c"Mir"
_d[1977]
215 _a257 с.
_d22 см
300 _aДоп. тит. л. на рус. яз.: Б. Н. Пшеничный, Ю. М. Данилин. Численные методы в экстремальных задачах
320 _aБиблиогр.: с. 247-254
513 1 _aЧисленные методы в экстремальных задачах
_zrus
620 _aМосква
686 _aМт-982.5
_2rubbk
686 _aˆ[‰В175.1]
_2rubbk
700 1 _9z01790
_aPšeničnyj
_bB. N.
_f1937-
_gBoris Nikolaevič
701 1 _9z02790
_aDanilin
_bJ. M.
_gJurij Michajlovič
790 1 _9z01700
_aPchénitchny
_bB.
_4070
790 1 _9z02701
_aDaniline
_bY.
_4070
801 1 _aRU
_bInfocomm
_c20130325
801 0 _aRU
_bINFOCOMM
_gPSBO
852 _aNLR
_jМт01 Д-5/280
942 _cBOOK
980 _aNB